[Event "Eger Agria op 41th"]
[Site "Eger"]
[Date "2017.07.23"]
[Round "9"]
[White "Galko, Tibor"]
[Black "Pasti, Anna"]
[Result "1-0"]
[WhiteElo "1875"]
[BlackElo "1717"]
[PlyCount "45"]
[EventDate "2017.07.17"]
[EventType "swiss"]
[EventRounds "9"]
[EventCountry "HUN"]
[SourceTitle "EXT 2020"]
[Source "ChessBase"]
[SourceDate "2019.10.17"]
[SourceVersion "1"]
[SourceVersionDate "2019.10.17"]
[SourceQuality "1"]

1. e4 c5 2. Nf3 e6 3. d4 cxd4 4. c3 dxc3 5. Nxc3 Nc6 6. Bc4 a6 7. 0-0 d6 8. Qe2 Be7 9. Rd1 Bd7 10. Be3 Nf6 11. h3 b5 12. Bd3 0-0 13. Rac1 Nb4 14. Bb1 Rc8 15. e5 Nfd5 16. Nxd5 Nxd5 17. Qd3 f5 18. exf6 Nxf6 19. Ng5 g6 20. Nxh7 Kxh7 21. Qxg6+ Kh8 22. Rd4 Rxc1+ 23. Bxc1 1-0

[Event "Katowice POL-HUN 5th"]
[Site "Katowice"]
[Date "2017.05.20"]
[Round "5"]
[White "Galko, Tibor"]
[Black "Bus, Konrad"]
[Result "0-1"]
[WhiteElo "1875"]
[BlackElo "2229"]
[PlyCount "46"]
[EventDate "2017.05.20"]
[EventType "swiss (rapid)"]
[EventRounds "9"]
[EventCountry "POL"]
[SourceTitle "CBM 178 Extra"]
[Source "ChessBase"]
[SourceDate "2017.06.22"]
[SourceVersion "1"]
[SourceVersionDate "2017.06.22"]
[SourceQuality "1"]

1. e4 c5 2. Nf3 d6 3. d4 cxd4 4. c3 Nf6 5. e5 dxe5 6. Nxe5 Nc6 7. Bb5 Bd7 8. Qe2 e6 9. cxd4 Nxd4 10. Bxd7+ Nxd7 11. Nxf7 Qc7 12. Qd2 Nc2+ 13. Kd1 Kxf7 14. Qxc2 Bc5 15. Be3 Qb6 16. Bxc5 Nxc5 17. Nc3 Nd3 18. Rf1 Rhd8 19. Ke2 Kg8 20. Rad1 Nf4+ 21. Kf3 Rxd1 22. Rxd1 Rf8 23. Kg4 Kf7 0-1

[Event "Katowice POL-HUN 5th"]
[Site "Katowice"]
[Date "2017.05.20"]
[Round "2"]
[White "Piesik, Piotr"]
[Black "Galko, Tibor"]
[Result "1-0"]
[WhiteElo "2337"]
[BlackElo "1875"]
[PlyCount "71"]
[EventDate "2017.05.20"]
[EventType "swiss (rapid)"]
[EventRounds "9"]
[EventCountry "POL"]
[SourceTitle "CBM 178 Extra"]
[Source "ChessBase"]
[SourceDate "2017.06.22"]
[SourceVersion "1"]
[SourceVersionDate "2017.06.22"]
[SourceQuality "1"]

1. Nf3 d5 2. g3 Nf6 3. Bg2 h6 4. 0-0 Bf5 5. c4 e6 6. Qb3 b6 7. Nc3 c6 8. cxd5 Nxd5 9. d3 Nxc3 10. Qxc3 f6 11. Nd4 Kf7 12. Be3 Qc8 13. Rfc1 e5 14. Nxc6 Nxc6 15. Bxc6 Rb8 16. Bd5+ Kg6 17. Qxc8 Bxc8 18. Rc7 Bd6 19. Rxa7 Bc5 20. Bxc5 bxc5 21. b3 Bh3 22. Rc1 Rhc8 23. Ra5 Rb6 24. f3 Be6 25. Bxe6 Rxe6 26. Rcxc5 Rec6 27. b4 Rxc5 28. Rxc5 Ra8 29. Rc2 Ra4 30. Rb2 Kf7 31. b5 Ke7 32. b6 Ra8 33. b7 Rb8 34. a4 Kd7 35. a5 Kc7 36. a6 1-0

[Event "HUN-chT2 Barcza 1617"]
[Site "Hungary"]
[Date "2016.10.30"]
[Round "3.10"]
[White "Galko, Tibor"]
[Black "Beres, Istvan1111"]
[Result "0-1"]
[WhiteElo "1840"]
[BlackElo "1822"]
[PlyCount "72"]
[EventDate "2016.09.25"]
[EventType "team-tourn"]
[EventRounds "11"]
[EventCountry "HUN"]
[SourceTitle "EXT 2021"]
[Source "ChessBase"]
[SourceDate "2020.10.23"]
[SourceVersion "1"]
[SourceVersionDate "2020.10.23"]
[SourceQuality "1"]
[WhiteTeam "Edeleny"]
[BlackTeam "Sajobabony"]
[WhiteTeamCountry "HUN"]
[BlackTeamCountry "HUN"]

1. e4 c5 2. d4 cxd4 3. c3 d3 4. Bxd3 d6 5. c4 g6 6. Nc3 Bg7 7. Nge2 Nc6 8. 0-0 Nf6 9. Bf4 0-0 10. Qd2 Ng4 11. Rad1 Be6 12. Nd5 Rc8 13. h3 Nge5 14. Bh6 Nxd3 15. Bxg7 Kxg7 16. Qc3+ Nde5 17. f4 f6 18. fxe5 Nxe5 19. Nef4 Bf7 20. b3 b5 21. Nd3 Nxd3 22. Qxd3 bxc4 23. bxc4 g5 24. Qd4 Bg6 25. Qxa7 Rxc4 26. Qxe7+ Qxe7 27. Nxe7 Bxe4 28. Rxd6 Rc2 29. Rf2 Rxf2 30. Kxf2 Rb8 31. Rd2 Kf7 32. Ke3 f5 33. Rd7 Ke6 34. Ra7 Re8 35. Nxf5 Bxf5 36. a4 Kd5+ 0-1

[Event "HUN-chT2 Barcza 1617"]
[Site "Hungary"]
[Date "2016.09.25"]
[Round "1.10"]
[White "Galko, Tibor"]
[Black "Papp, Levente"]
[Result "0-1"]
[WhiteElo "1840"]
[BlackElo "2048"]
[PlyCount "72"]
[EventDate "2016.09.25"]
[EventType "team-tourn"]
[EventRounds "11"]
[EventCountry "HUN"]
[SourceTitle "EXT 2021"]
[Source "ChessBase"]
[SourceDate "2020.10.23"]
[SourceVersion "1"]
[SourceVersionDate "2020.10.23"]
[SourceQuality "1"]
[WhiteTeam "Edeleny"]
[BlackTeam "Miskolc Kisbocsok"]
[WhiteTeamCountry "HUN"]
[BlackTeamCountry "HUN"]

1. e4 e6 2. d4 d5 3. Nd2 Nf6 4. e5 Nfd7 5. f4 c5 6. c3 Nc6 7. Ngf3 cxd4 8. cxd4 Qb6 9. Qb3 Nxd4 10. Qxb6 Nxf3+ 11. Nxf3 Nxb6 12. Bd2 Bd7 13. Rc1 Rc8 14. Rxc8+ Nxc8 15. Bd3 Ne7 16. Bb4 Nc6 17. Bxf8 Kxf8 18. Bb5 Nxe5 19. fxe5 Bxb5 20. Nd4 Bd7 21. Kd2 Ke7 22. g4 f6 23. Nf3 fxe5 24. Nxe5 Rf8 25. Ke3 Kd6 26. Nxd7 Kxd7 27. h4 e5 28. g5 Rf4 29. Rh2 Kd6 30. a3 d4+ 31. Ke2 e4 32. Rh3 e3 33. h5 Rf2+ 34. Ke1 Kd5 35. g6 h6 36. Rh4 d3 0-1

[Event "HUN-chT2 Barcza 1516"]
[Site "Hungary"]
[Date "2016.04.03"]
[Round "10.11"]
[White "Galko, Tibor"]
[Black "Kun, Sandor"]
[Result "0-1"]
[WhiteElo "1863"]
[BlackElo "2052"]
[PlyCount "140"]
[EventDate "2015.09.13"]
[EventType "team-tourn"]
[EventRounds "11"]
[EventCountry "HUN"]
[SourceTitle "EXT 2017"]
[Source "ChessBase"]
[SourceDate "2016.10.25"]
[SourceVersion "1"]
[SourceVersionDate "2016.10.25"]
[SourceQuality "1"]
[WhiteTeam "Edeleny"]
[BlackTeam "Kwizda Sakkiskola"]
[WhiteTeamCountry "HUN"]
[BlackTeamCountry "HUN"]

1. e4 e5 2. Nc3 Nc6 3. Bc4 Nf6 4. d3 Na5 5. Bb3 c6 6. Nf3 Qc7 7. 0-0 Be7 8. d4 d6 9. dxe5 dxe5 10. h3 0-0 11. Bg5 b5 12. Qe2 h6 13. Bxf6 Bxf6 14. Rfd1 Be7 15. Qe3 Nb7 16. a3 Nc5 17. Ba2 Be6 18. b4 Bxa2 19. Rxa2 Ne6 20. Ne2 a5 21. Rb2 axb4 22. axb4 Rfd8 23. Rxd8+ Rxd8 24. Rb1 c5 25. bxc5 Bxc5 26. Qc3 Nf4 27. Kf1 b4 28. Qxe5 Bd6 29. Qb2 Nxe2 30. Kxe2 Qc4+ 31. Ke1 Qxe4+ 32. Kf1 Rc8 33. Ne1 Re8 34. Nd3 Qe2+ 35. Kg1 Qd2 36. Qc1 Qc3 37. Rb3 Qd4 38. Kf1 Ra8 39. Qe1 Qc4 40. Qb1 Re8 41. Qd1 Rb8 42. Kg1 Qd5 43. Qe1 Qd4 44. Qe3 Qa1+ 45. Qe1 Qd4 46. Qe3 Qd5 47. Rb1 Kf8 48. Re1 Qc6 49. Qd2 Rd8 50. Qc1 Rc8 51. Qb1 Qxc2 52. Rc1 Qxb1 53. Rxb1 Rb8 54. Rb3 Ke7 55. Kf1 Ke6 56. Ke2 Kd5 57. Nb2 Bc5 58. Rf3 Bd4 59. Rd3 Ra8 60. Rd2 Ra2 61. Nd3 Rxd2+ 62. Kxd2 Kc4 63. f3 Bc3+ 64. Ke3 b3 65. g4 g5 66. Ke4 b2 67. Nxb2+ Bxb2 68. f4 Bf6 69. fxg5 hxg5 70. h4 gxh4 0-1

[Event "HUN-chT2 Barcza 1516"]
[Site "Hungary"]
[Date "2015.12.06"]
[Round "6.12"]
[White "Galko, Tibor"]
[Black "Venter, Mate"]
[Result "1/2-1/2"]
[WhiteElo "1868"]
[BlackElo "1646"]
[PlyCount "127"]
[EventDate "2015.09.13"]
[EventType "team-tourn"]
[EventRounds "11"]
[EventCountry "HUN"]
[SourceTitle "CBM 170 Extra"]
[Source "ChessBase"]
[SourceDate "2016.02.25"]
[SourceVersion "1"]
[SourceVersionDate "2016.02.25"]
[SourceQuality "1"]
[WhiteTeam "Edeleny"]
[BlackTeam "Hajduboszormeny"]
[WhiteTeamCountry "HUN"]
[BlackTeamCountry "HUN"]

1. e4 Nf6 2. Nc3 d5 3. exd5 Nxd5 4. Nxd5 Qxd5 5. Nf3 Nc6 6. d4 Bf5 7. Bd3 Bg6 8. a3 e6 9. Bf4 Bd6 10. Bxd6 Qxd6 11. 0-0 0-0 12. Bxg6 hxg6 13. Re1 Rad8 14. c3 Ne7 15. Qb3 b6 16. Ne5 Nd5 17. Rad1 c5 18. dxc5 Qxc5 19. Rd4 Nf6 20. Rc4 Qd6 21. Nc6 Rd7 22. Ne5 Rdd8 23. Qa4 Qd2 24. Nf3 Qxb2 25. Qxa7 Ra8 26. Qb7 Rxa3 27. Rc8 Ra1 28. Rxf8+ Kxf8 29. Qb8+ Ne8 30. Qe5 Rxe1+ 31. Qxe1 Nd6 32. h3 Qc2 33. Qd2 Qxd2 34. Nxd2 b5 35. Kf1 Ke7 36. Ke2 f5 37. f3 e5 38. Kd3 Ke6 39. Nf1 f4 40. Nd2 Kf5 41. Ke2 e4 42. fxe4+ Nxe4 43. Nf3 Nxc3+ 44. Kd3 Nd1 45. Nd4+ Kg5 46. Nxb5 Kh4 47. Ke2 Ne3 48. Kf3 g5 49. Nd6 g6 50. Nf7 Nc4 51. Nd8 Ne5+ 52. Kf2 g4 53. hxg4 Kxg4 54. Ne6 g5 55. Nd4 Nd3+ 56. Kg1 Kh5 57. Kf1 g4 58. Ke2 Ne5 59. Ne6 f3+ 60. gxf3 gxf3+ 61. Ke3 Kg4 62. Nd4 Nc4+ 63. Kf2 Ne5 64. Nxf3 1/2-1/2

[Event "HUN-chT2 Barcza 1516"]
[Site "Hungary"]
[Date "2015.10.04"]
[Round "2.11"]
[White "Botragyi, Tibor"]
[Black "Galko, Tibor"]
[Result "1-0"]
[WhiteElo "2020"]
[BlackElo "1864"]
[PlyCount "83"]
[EventDate "2015.09.13"]
[EventType "team-tourn"]
[EventRounds "11"]
[EventCountry "HUN"]
[SourceTitle "CBM 170 Extra"]
[Source "ChessBase"]
[SourceDate "2016.02.25"]
[SourceVersion "1"]
[SourceVersionDate "2016.02.25"]
[SourceQuality "1"]
[WhiteTeam "Debrecen Sakkbaratok"]
[BlackTeam "Edeleny"]
[WhiteTeamCountry "HUN"]
[BlackTeamCountry "HUN"]

1. e4 d5 2. exd5 Qxd5 3. d4 e5 4. Nf3 Bg4 5. Be2 e4 6. Ne5 Bxe2 7. Qxe2 f6 8. c4 Qxd4 9. Qh5+ g6 10. Nxg6 hxg6 11. Qxh8 Qxc4 12. Nd2 Bb4 13. a3 Bxd2+ 14. Bxd2 Nc6 15. Rc1 Qd5 16. 0-0 0-0-0 17. Bc3 f5 18. Qh7 g5 19. b4 a6 20. h3 Qe6 21. Qg7 Qe7 22. Qxe7 Ngxe7 23. Bf6 Rg8 24. Rc5 Rg6 25. Bxe7 Nxe7 26. Rd1 Rf6 27. Re5 Rf7 28. Kf1 b6 29. Ke2 Ng6 30. Re8+ Kb7 31. g3 f4 32. Rxe4 Rh7 33. Rh1 g4 34. h4 fxg3 35. fxg3 Re7 36. Rxe7 Nxe7 37. Ke3 c5 38. bxc5 bxc5 39. h5 Kc6 40. h6 Ng6 41. h7 Nh8 42. Rf1 1-0

[Event "Borsod-chT2 1415"]
[Site "Hungary"]
[Date "2015.03.29"]
[Round "7.2"]
[White "Galko, Tibor"]
[Black "Burinda, Gabor"]
[Result "1/2-1/2"]
[WhiteElo "1851"]
[BlackElo "1772"]
[PlyCount "108"]
[EventDate "2014.09.28"]
[EventType "team-tourn"]
[EventRounds "7"]
[EventCountry "HUN"]
[SourceTitle "EXT 2016"]
[Source "ChessBase"]
[SourceDate "2015.10.08"]
[SourceVersion "1"]
[SourceVersionDate "2015.10.08"]
[SourceQuality "1"]
[WhiteTeam "Edeleny III"]
[BlackTeam "Szendro"]
[WhiteTeamCountry "HUN"]
[BlackTeamCountry "HUN"]

1. e4 c5 2. d4 cxd4 3. c3 Nc6 4. Nf3 d6 5. h3 Nf6 6. Bd3 g6 7. cxd4 Bg7 8. 0-0 0-0 9. Nc3 a6 10. a3 Bd7 11. d5 Ne5 12. Nxe5 dxe5 13. Be3 Rc8 14. Qd2 Nh5 15. Be2 Nf4 16. Rac1 Nxe2+ 17. Nxe2 Bb5 18. Rxc8 Qxc8 19. Rc1 Qd7 20. Nc3 Rc8 21. Nxb5 Rxc1+ 22. Qxc1 axb5 23. Qc5 Bf8 24. Qa7 f6 25. b4 Kf7 26. Bc5 Qc7 27. a4 bxa4 28. Qxa4 Qc8 29. Qa7 Ke8 30. Kf1 Qd7 31. Qa5 Kf7 32. Ke2 f5 33. f3 g5 34. Kd3 g4 35. fxg4 fxg4 36. h4 g3 37. Qb6 Qg4 38. Qxb7 Qd1+ 39. Kc3 Qe1+ 40. Kb3 Qxe4 41. Qc6 Qxg2 42. Qe6+ Ke8 43. d6 Qf3+ 44. Kc4 Qe2+ 45. Kb3 Qf3+ 46. Ka4 Qc6+ 47. Ka5 Qa8+ 48. Kb5 Qb7+ 49. Kc4 Qe4+ 50. Kc3 Qf3+ 51. Kb2 Qe2+ 52. Kc3 Qf3+ 53. Kc4 Qe2+ 54. Kb3 Qf3+ 1/2-1/2